Cricket: Most Individual Career ODI Hundreds - Statistics

General Stats
  • This quiz has been taken 54 times
  • The average score is 19 of 22
Answer Stats
Country Years Innings 100s Answer % Correct
IND 1989-2012 452 49 Sachin Tendulkar
100%
WI 1990-2007 289 19 Brian Lara
98%
AUS 1995-2012 365 30 Ricky Ponting
98%
IND 2008-2021* 242 43 Virat Kohli
98%
SA 2005-2018 218 25 AB de Villiers
96%
WI 1999-2019 294 25 Chris Gayle
96%
IND 2007-2021* 217 29 Rohit Sharma
96%
SA 2008-2019 178 27 Hashim Amla
93%
SL 2000-2015 380 25 Kumar Sangakkara
93%
AUS 2009-2021* 126 18 David Warner
91%
SL 1998-2015 418 19 Mahela Jayawardene
91%
NZ 2006-2021* 216 21 Ross Taylor
89%
SL 1989-2011 433 28 Sanath Jayasuriya
89%
IND 1992-2007 300 22 Sourav Ganguly
87%
SL 1999-2016 303 22 Tillakaratne Dilshan
84%
SA 1996-2014 314 17 Jacques Kallis
82%
AUS 1988-2002 236 18 Mark Waugh
76%
SA 1996-2010 240 21 Herschelle Gibbs
69%
IND 2010-2021* 136 17 Shikhar Dhawan
67%
AUS 2013-2021* 128 17 Aaron Finch
60%
PAK 1989-2003 244 20 Saeed Anwar
53%
WI 1978-1994 237 17 Desmond Haynes
51%
No matching quizzes found
Score Distribution
Percent of People with Each Score
Percentile by Number Answered
Your Score History
You have not taken this quiz